Riadenie príspevkových a rozpočtových organizácií zriaďovateľom

Riadenie rozpočtových a príspevkových organizácií zo strany zriaďovateľa je v praxi samospráv častým zdrojom právnych neistôt, najmä pri realizácii projektov financovaných z verejných zdrojov. Príspevok sa zameriava na limity autonómneho konania týchto organizácií a na možnosti zákonného usmerňovani...

Descripción completa

Guardado en:
Detalles Bibliográficos
Autor principal: Tekeli, Jozef
Formato: Capítulo de libro
Lenguaje:eslovaco
Materias:
Etiquetas: Agregar Etiqueta
Sin Etiquetas, Sea el primero en etiquetar este registro!

MARC

LEADER 00000naa a2200000 4500
001 0314555
005 20260127095529.5
041 0 |a slo 
044 |a SK 
245 1 0 |a Riadenie príspevkových a rozpočtových organizácií zriaďovateľom  |c Jozef Tekeli 
520 |a Riadenie rozpočtových a príspevkových organizácií zo strany zriaďovateľa je v praxi samospráv častým zdrojom právnych neistôt, najmä pri realizácii projektov financovaných z verejných zdrojov. Príspevok sa zameriava na limity autonómneho konania týchto organizácií a na možnosti zákonného usmerňovania ich činnosti zo strany zriaďovateľa. Pozornosť sa venuje aj právnej povahe interných pokynov a ich významu pri predchádzaní porušeniu rozpočtovej disciplíny. 
610 2 0 |a riadenie podnikové 
610 2 0 |a organizácie príspevkové 
610 2 0 |a organizácie rozpočtové 
610 2 0 |a úpravy právne 
610 2 0 |a kontrola 
610 2 0 |a starostovia 
100 1 |a Tekeli, Jozef